000 00398cam a2200157ua 4500
041 _aeng
_h
082 _a824
_bMAC/ES
100 _aMacular, Scoot .
245 0 0 _aEssays on Goldsmith /
_cmaculary,Scott, Thackery.
_hTextual Documents
260 _a :
_bOxford & IBH Book Company ,
_c1946.
300 _a200 ; .
504 _a
700 1 _aThackery, .
942 _cBK
999 _c11838
_d11838